Normal view
MARC view
Entry Personal Name
001 - CONTROL NUMBER
- control field: 61245
003 - CONTROL NUMBER IDENTIFIER
- control field: dpl
005 - DATE AND TIME OF LATEST TRANSACTION
- control field: 20240124122817.0
008 - FIXED-LENGTH DATA ELEMENTS
- fixed length control field: 240124|| aca||aabn | a|a d
040 ## - CATALOGING SOURCE
- Original cataloging agency: dpl
- Transcribing agency: dpl
100 ## - HEADING--PERSONAL NAME
- Personal name: Xue, Henry
670 ## - SOURCE DATA FOUND
- Source citation: Work cat.: (dpl)7306: White, Frank M. 61243, Fluid mechanics/, 2008
